Manual de procedimientos para riesgo químico para la Cruz Roja Costarricense

保存先:
書誌詳細
第一著者: Scott Wright, William
その他の著者: Zamora Peñalva, Sandra
フォーマット: 図書
出版事項: San José, Costa Rica 1990
主題:
タグ: タグ追加
タグなし, このレコードへの初めてのタグを付けませんか!

MARC

LEADER 00000nam a2200000Ia 4500
003 007333
005 20221231144305.0
008 140114s1990 cr a m 000 ||s d
040 |c cru CEDI 
090 |a TFG 3064 
100 |a Scott Wright, William  |9 11436 
245 |a  Manual de procedimientos para riesgo químico para la Cruz Roja Costarricense  
260 |c 1990  |a San José, Costa Rica 
300 |a  [155] hojas : ilustraciones ; 27 cm  
500 |a Proyecto de graduación (licenciatura en ingeniería industrial)--Universidad de Costa Rica. Facultad de Ingeniería. Escuela de Ingeniería Industrial 
650 |x CRUZ ROJA - COSTA RICA - MANUALES   |x SUSTANCIAS PELIGROSAS - MANUALES  |9 11438 
700 |9 11437  |a Zamora Peñalva, Sandra 
942 |c TFG  |2 ddc 
999 |c 19664  |d 19664